|
|
|
|
| LEADER |
00852nam#a2200265#a#4500 |
| 001 |
011552 |
| 003 |
AR-BeUNQ |
| 005 |
20171102110403.0 |
| 008 |
960524s1993####sz##################spa#d |
| 999 |
|
|
|c 13968
|d 89355
|
| 020 |
|
|
|a 9223072948
|
| 040 |
|
|
|a AR-beUNQ
|
| 099 |
|
|
|a 09-P3
|
| 100 |
1 |
|
|a Plett, Peter C
|
| 245 |
0 |
0 |
|a Capacitación de las personas de edad : manual de orientación
|c Peter C Plett ; Brenda T Lester.
|
| 260 |
|
|
|a Ginebra :
|b OIT,
|c 1993
|
| 300 |
|
|
|a 225 p
|
| 650 |
|
7 |
|a FORMACION PROFESIONAL
|2 Spines
|
| 650 |
|
7 |
|a RECONVERSION PROFESIONAL
|2 toit
|
| 650 |
|
7 |
|a TRABAJADOR DE EDAD AVANZADA
|2 toit
|
| 650 |
|
7 |
|a PERSONAS DE EDAD AVANZADA
|2 toit
|
| 700 |
1 |
|
|a Lester, Brenda T
|
| 929 |
|
|
|d 30,00E
|f patrimonio
|j 37123
|a DONACION
|b Marta Suter
|
| 929 |
|
|
|a COMPRA
|b Oficina del Libro
|c Exp. 827-0642/95
|d 19,08
|e 19951006
|j 14938
|
| 942 |
|
|
|c LIB
|n 0
|